Регионална библиотека "Любен Каравелов" - Русе

Russisches Volksspielzeug (Запис номер 210199)

MARC детайли
000 -Лидер
Контролно поле с фиксирана дължина 01156nkm a2200337 c 4500
003 - Код на организацията, давaща контролен номер
Контролно поле BLK
005 - Дата и час на последна редакция
Контролно поле 20200429160857.0
008 - Елементи от данни с фиксирана дължина
fixed length control field 180412b bul rap|r|||| r0| ||bulo|
010 ## - Наследен системен номер
LC control number KNG00162920000
040 ## - Източник на каталожния запис
Идентификатор на билиотеката - собственик на записа BLK
041 ## - Код за език
Код за езика на текст/звукозапис или на отделно заглавие Немски
Код за езика КДБФ Немски
080 ## - УДК
Текстов определител УДК Художествени занаяти
УДК код - определител по УДК 745
УДК - код + определител 745
100 1# - Редна дума - Автор
Автор Tschekalow, Alexander Kalinowitsch
Авторска отговорност първи автор
R(LIN) 26692
139 ## - Редно поле
Редна дума Tschekalow, Alexander Kalinowitsch
Авторски знак Ts - T 89
Feature heading Ч 50 А
245 10 - Сведения за заглавието
Заглавие Russisches Volksspielzeug
Редно поле (дума) Alexander Kalinowitsch Tschekalow.
257 ## - Страна на издаване
Страна на създаване/издаване СССР
260 ## - Област на издателските данни
Име на издателя, разпространителя и проч. Verl. der Kunst
Година на издаване 1972
300 ## - Физическа характеристика
Страници 207 p.
Илюстрации и др. ill.
Размери/Мащаб 28 cm
380 ## - Жанр
Жанр Изкуство
500 ## - Общи забележки
Забележка Бел. към текст.
650 #4 - Допълнително описание по предмет – тема
Основно описание – тема или топоним Художествени занаяти
9 (RLIN) 278025
653 ## - Ключова дума – ненормативна
Ключова дума художествени занаяти
653 ## - Ключова дума – ненормативна
Ключова дума дърводелство
653 ## - Ключова дума – ненормативна
Ключова дума играчки
653 ## - Ключова дума – ненормативна
Ключова дума малки пластики
852 ## - Местоположение
Форматна сигнатура Цб Гр А ІІ 2222
856 4# - Електронен адрес и достъп
Електронен формат pdf - файл
Път до файла /url/
856 4# - Електронен адрес и достъп
Електронен формат pdf - файл
Път до файла /url/
999 ## - СИСТЕМНИ КОНТРОЛНИ НОМЕРА
Koha biblionumber 210199
Koha biblioitemnumber 210199
942 ## - АРТИКУЛИ
Вид на библиотечния материал Графични издания
Скрит в OPAC Не
Периодичен библиозапис Да
944 ## - СЪЗДАВАНЕ И РЕДАКЦИЯ на ЗАПИСА
Създаване/Редакция Създаване
Дата на регистрацията/редакция 10.07.2014
Статус, дата на статуса 10.07.2014 - от С1,Р / 10.07.2014
Служител, извършил регистрацията/редакцията Камелия_Данева
944 ## - СЪЗДАВАНЕ И РЕДАКЦИЯ на ЗАПИСА
Създаване/Редакция Редакция
Дата на регистрацията/редакция 10.07.2014
Статус, дата на статуса 10.07.2014 - от С1,Р / 10.07.2014
999 ## - СИСТЕМНИ КОНТРОЛНИ НОМЕРА
Koha biblioitemnumber 210199
Наличности
Код за отписване Код за изгубен артикул Източник на класификационната схема Код за повреда Коз за рестрикции Код за отдаване Артикулен № Име на библиотеката - собственик Име на библиотеката, в която се намира в момента Статус (Текущо местоположение) Дата на вписване в системата Местоположение - отдел Цена в лева Инвентарен номер Систематично азбучна сигнатура Баркод Номер на екземпляра Цена в евро Служебна бележка Служебен тип на артикула
  Не е изгубен Universal Decimal Classification Не е повреден без рестрикции заемане за дома 361710 Регионална библиотека "Любен Каравелов" Русе Регионална библиотека "Любен Каравелов" Русе Отдел Изкуство - подръчен фонд 1972-01-01 Отдел Изкуство - подръчен фонд 11.23 205709 745/749/Ч 50 А 120000205709 1 5.74 Дост: Pk Вид: Ф N: стар фонд Дата: 01.01.1972 Дата инв: 03.06.2015 Бележки инв: ГрИ2015 Графични издания
Vip Innovations Ltd, Rousse, Bulgaria 2025